ՀՀ Գիտությունների ազգային ակադեմիայի հիմնարար գիտական գրադարան  =   Fundamental Scientific Library of NAS RA
Normal view MARC view

Entry Personal Name

Number of records used in: 17

001 - CONTROL NUMBER

  • control field: 2760

003 - CONTROL NUMBER IDENTIFIER

  • control field: AM-YEHGA

005 - DATE AND TIME OF LATEST TRANSACTION

  • control field: 20250617070438.0

008 - FIXED-LENGTH DATA ELEMENTS

  • fixed length control field: 060320 a|ac|n|aab||||||||||||a |n|||||||

040 ## - CATALOGING SOURCE

  • Original cataloging agency: AM-YEHGA

100 1# - HEADING--PERSONAL NAME

  • Personal name: Ղազանչյան, Տիրան Տիգրանի,
  • Dates associated with a name: 1901-1967

400 1# - SEE FROM TRACING--PERSONAL NAME

  • Personal name: Ղազանչյան, Տիրան,
  • Dates associated with a name: 1901-1967

400 1# - SEE FROM TRACING--PERSONAL NAME

  • Personal name: Ղազանչյան, Տ.Տ.
  • Fuller form of name: (Տիրան Տիգրանի),
  • Dates associated with a name: 1901-1967

400 1# - SEE FROM TRACING--PERSONAL NAME

  • Personal name: Ղազանչյան, Տ.
  • Fuller form of name: (Տիրան),
  • Dates associated with a name: 1901-1967

400 1# - SEE FROM TRACING--PERSONAL NAME

  • Personal name: Казанчян, Тиран Тигранович,
  • Dates associated with a name: 1901-1967

400 1# - SEE FROM TRACING--PERSONAL NAME

  • Personal name: Ghazanchyan, Tiran Tigrani,
  • Dates associated with a name: 1901-1967

670 ## - SOURCE DATA FOUND

  • Source citation: Հայկական համառոտ հանրագիտարան, 1999 :
  • Information found: Հ. 3 (Ղազանչյան Տիրան Տիգրանի (15(28).7.1901, Թիֆլիս - 21.2.1967, Երևան), քիմիկոս: Քիմ. գիտ. դ-ր (1952), պրոֆ. (1953): ՀԽՍՀ գիտ. վաստ. գործիչ (1963)):

670 ## - SOURCE DATA FOUND

  • Source citation: Նյութի ատոմա-մոլեկուլյար կառույցի մասին, 1956 :
  • Information found: տիտղթ. (Տիրան Տիգրանի Ղազանչյան)

670 ## - SOURCE DATA FOUND

  • Source citation: Քիմիան և նրա զարգացման ուղիները Հայաստանում : (Դոկտորային դիսերտացիայի ավտորեֆ.), 1949 :
  • Information found: տիտղթ. (Տիրան Ղազանչյան)

670 ## - SOURCE DATA FOUND

  • Source citation: Էդիսոն : [Ամերիկյան գյուտարար Թ. Էդիսոնի մասին], 1963 :
  • Information found: տիտղթ. (Թարգմ.՝ Տ.Տ. Ղազանչյան)

670 ## - SOURCE DATA FOUND

  • Source citation: Գրիգոր Տաթևացու տարրաբանական հասկացությունների մասին, 1943 :
  • Information found: տիտղթ. (Տ. Ղազանչյան)


ՀՀ ԳԱԱ հիմնարար գիտական գրադարան
ՀՀ,Երևան 0019
Մարշալ Բաղրամյան 24/6
հեռախոս:(374-10) 52-47-50
Հետադարձ կապ

All site content, except where otherwise noted, is licensed under a
Creative Commons License